| 000 | 01324nam a22002297a 4500 | ||
|---|---|---|---|
| 999 |
_c17898 _d17898 |
||
| 005 | 20251125232901.0 | ||
| 008 | th tha d | ||
| 040 | _aNALT | ||
| 041 | _atha | ||
| 100 | 0 | _aจารุณี ตันตยาคม | |
| 245 | 1 | 0 | _aคำอธิบายกฎหมายเกี่ยวกับการกระทำความผิดของเด็กและเยาวชน และคดีส่วนแพ่งเกี่ยวกับผู้เยาว์ในศาลคดีเด็กและเยาวชน พร้อมคำพิพากษาฎีกาที่เกี่ยวข้อง |
| 260 | 3 |
_aกรุงเทพฯ : _bประยูรวงศ์, _cม.ป.ป. |
|
| 300 |
_a149 หน้า ; _b 26 ซม. |
||
| 650 | 0 | 4 | _aคดีแพ่ง -- เด็กและเยาวชน |
| 650 | 0 | 4 | _aความผิดในเด็กและเยาวชน |
| 650 | 0 | 4 | _aศาลคดีเด็กและเยาวชน -- คำพิพากษาศาลฎีกา |
| 850 | _aNALT | ||
| 856 | 4 | 0 |
_uhttps://hdl.handle.net/20.500.14156/411144 _71 |
| 942 |
_cLB _2lcc |
||
| 998 |
_j25 _k นีลวัสน์ อินทรักษา |
||
| 090 | _aKT104.1 จ322ค | ||